header

Advances in classical field theory (Record no. 230451)

MARC details
000 -LEADER
fixed length control field 01070nam a2200277Ia 4500
100 1# - MAIN ENTRY--AUTHOR NAME
Personal name Yahalom, Asher.
245 10 - TITLE STATEMENT
Title Advances in classical field theory
260 ## - PUBLICATION, DISTRIBUTION, ETC. (IMPRINT)
Place of publication [S.l.] :
Name of publisher Bentham Science Publishers,
Year of publication [2011]
300 ## - PHYSICAL DESCRIPTION
Number of Pages iii, 291 p. :
Other physical details ill.
650 #0 - SUBJECT ADDED ENTRY--TOPICAL TERM
Topical Term Field theory (Physics)
Topical Term Gravitation.
856 40 - ELECTRONIC LOCATION AND ACCESS
Uniform Resource Identifier http://site.ebrary.com/lib/rucke/Doc?id=10457984

No items available.

© 2026 Rongo University
Contact us: librarian | system librarian | Rongo university